اوراق طه حسين و مراسلاته. (Record no. 8302)
[ view plain ]
| 000 -الفاتح | |
|---|---|
| حقل البيانات ثابتة الطول | 01598nac a22003611u 4500 |
| 003 - محدد رقم الضبط | |
| رقم الضبط | EG-ScBUE |
| 005 - وقت وتاريخ اخر تعامل مع التسجيلة | |
| رقم الضبط | 20211201120216.0 |
| 008 - عناصر البيانات ثابتة الطول - معلومات عامة | |
| حقل البيانات ثابتة الطول | 121016s2007 ua f b 000 0dara d |
| 017 ## - رقم الإيداع القانونى | |
| رقم الإيداع القانونى | 2007 / 21405 |
| 020 ## - الرقم الدولى المعيارى للكتب | |
| الرقم الدولى المعيارى للكتاب | 9771805118 |
| 040 ## - مصدر الفهرسة | |
| وكالة الفهرسة الأصلية | EG-ScBUE |
| لغة الفهرسة | ara |
| قواعد الوصف | rda |
| وكالة النسخ | EG-ScBUE |
| وكالة التعديل | EG-ScBUE |
| 082 04 - رقم تصنيف ديوى العشرى | |
| رقم التصنيف | 892.78609 |
| رقم المادة | أ و ر |
| رقم الطبعة | 22 |
| 245 00 - بيان العنوان | |
| العنوان | اوراق طه حسين و مراسلاته. |
| رقم الجزء/قسم العمل | المجلد الأول، |
| اسم جزء/قسم العمل | 1925-1940 / |
| بيان المسئوليه,etc | إشراف ودراسة وتقديم أ. د. أحمد زكريا الشلق، أ. د. محمد صابر عرب ؛ تحقيق د. صبري العدل، محمود فوده، نيفين علوان. |
| 246 30 - العنوان الموازى | |
| عنوان صحيح/عنوان مختصر | 1925-1940 |
| 264 #1 - النشر، التوزيع | |
| مكان الناشر او الموزع | القاهرة : |
| اسم الناشر او الموزع | دار الكتب والوثائق القومية، |
| تاريخ النشر أو التوزيع | 2007. |
| 300 ## - الوصف المادى | |
| التعداد | 397 صفحة ؛ |
| أبعاد الوعاء | 32 سم |
| 336 ## - نوع المحتوى | |
| source | rdacontent |
| Carrier Type Term | نص |
| Content Type Code | txt |
| 337 ## - نوع الوسيط | |
| source | rdamedia |
| Media Type Term | بدون وسيط |
| Media Type Code | n |
| 338 ## - نوع الحامل أو الناقل | |
| source | rdacarrier |
| Carrier Type Term | مجلد |
| Carrier Type Code | nc |
| 504 ## - تبصرة ببليوجرافية | |
| تبصرة ببليوجرافية,الخ | يشتمل على إرجاعات ببليوجرافية. |
| 600 17 - المدخل الاضافى بالموضوع-اسم شخصى | |
| الإسم الشخصى | حسين، طه، |
| التواريخ المصاحبة للاسم | 1889-1973 |
| التقسيم الفرعي الشكلي | المراسلات. |
| مصدر الرأس أو المصطلح | BUEsh |
| 650 #7 - المدخل الاضافى بالموضوع-مصطلح موضوعى | |
| مصطلح موضوعي أو اسم جغرافي كعنصر مدخل | المؤلفون المكفوفون |
| التقسيم الفرعي الجغرافي | مصر. |
| مصدر الرأس أو المصطلح | BUEsh |
| 9 (RLIN) | 8633 |
| 650 #7 - المدخل الاضافى بالموضوع-مصطلح موضوعى | |
| مصطلح موضوعي أو اسم جغرافي كعنصر مدخل | الأدباء المصريون |
| التقسيم الفرعي الشكلي | تراجم. |
| مصدر الرأس أو المصطلح | BUEsh |
| 651 ## - المدخل الاضافى بالموضوع - اسم جغرافى | |
| مصدر الرأس أو المصطلح | BUEsh |
| 653 ## - مصطلح تكشيفى غير مقيد | |
| Resource For college | Arabic Literature |
| Arrived date list | December2021 |
| 655 ## - مصطلح تكشيفى-نوع/شكل | |
| التقسيم الفرعي الشكلي | Reading book |
| -- | 34232 |
| 700 1# - المدخل الاضافى - اسم شخصى | |
| الإسم الشخصى | الشلق، أحمد زكريا، |
| التواريخ المصاحبة للاسم | 1948- |
| الدور | مشرف. |
| 700 1# - المدخل الاضافى - اسم شخصى | |
| الإسم الشخصى | عرب، محمد صابر، |
| التواريخ المصاحبة للاسم | 1948- |
| الدور | مشرف. |
| 700 1# - المدخل الاضافى - اسم شخصى | |
| الإسم الشخصى | العدل، صبري، |
| الدور | محقق. |
| 700 1# - المدخل الاضافى - اسم شخصى | |
| الإسم الشخصى | فودة، محمود، |
| الدور | محقق. |
| 700 1# - المدخل الاضافى - اسم شخصى | |
| الإسم الشخصى | علوان، نيفين، |
| الدور | محقق. |
| 942 ## - عناصر المدخل الإضافي( كوها) | |
| Koha [default] item type | Book - Borrowing |
| مصدر التصنيف او مخطط الترفيف | Dewey Decimal Classification |
| حالة التراجع | حالة الفقد | مصدر التصنيف او خطة الترفيف | حالة تلف | ليس للاعارة | مجموعات كوها | المكان الدائم | المكان الحالي | موقع الترفيف | تاريخ الاكتساب | Source of acquisition | رقم الاستدعاء | الباركود | Date last seen | التكلفة | نوع الوعاء |
|---|---|---|---|---|---|---|---|---|---|---|---|---|---|---|---|
| Dewey Decimal Classification | Alef-Baa | Central Library | Central Library | Second Floor | 02/03/2008 | Purchase | 892.78609 أ و ر | 000009186 | 15/07/2025 | 23.00 | Book - Borrowing |